Conflict in made-made environment (Record no. 171)

MARC details
000 -LEADER
fixed length control field 00564nam a2200157 a 4500
008 - FIXED-LENGTH DATA ELEMENTS--GENERAL INFORMATION
fixed length control field 180405s1974 ||||||||||||||||| || u
050 ## - LIBRARY OF CONGRESS CALL NUMBER
Classification number HM 136 Rap
100 ## - MAIN ENTRY--PERSONAL NAME
Personal name Rapoport, Anatol
245 10 - TITLE STATEMENT
Title Conflict in made-made environment
Statement of responsibility, etc. By Anatol Rapoport
260 ## - PUBLICATION, DISTRIBUTION, ETC.
Place of publication, distribution, etc. United States of America:
Name of publisher, distributor, etc. Penguin Books
Date of publication, distribution, etc. 1974
300 ## - PHYSICAL DESCRIPTION
Extent 272p.: ill.
350 ## -
-- 0.04
650 #0 - SUBJECT ADDED ENTRY--TOPICAL TERM
Topical term or geographic name entry element HUMAN ECOLOGY
650 #0 - SUBJECT ADDED ENTRY--TOPICAL TERM
Topical term or geographic name entry element SOCIAL CONFLICT
995 ## -
-- AMERICAN CORNER
-- 500495
-- CBU-DAG HAMMARSKJOLD INSTITUTE LIBRARY
-- 0.04
-- HM 136 Rap
-- 1
-- AVAILABLE
-- Apr 5, 2018
-- 500495
-- DHIPS Book Collection
999 ## -
-- 171
-- 171
Holdings
Withdrawn status Lost status Source of classification or shelving scheme Damaged status Not for loan Permanent Location Current Location Shelving location Date acquired Total Checkouts Full call number Barcode Date last seen Price effective from Koha item type
          CBU-DAG HAMMARSKJOLD INSTITUTE CBU-DAG HAMMARSKJOLD INSTITUTE   11/28/2022   HM 136 Rap 500495 11/28/2022 11/28/2022 MONOGRAPH